Districts of Bangkok - Statistics

General Stats
  • This quiz has been taken 282 times
  • The average score is 22 of 50
Answer Stats
Answer % Correct
Bang Na
63%
Bang Rak
59%
Bang Bon
58%
Bang Kapi
54%
Bang Khen
52%
Bangkok Noi
52%
Dusit
52%
Pathum Wan
51%
Chatuchak
50%
Phaya Thai
50%
Bang Khae
49%
Bang Khun Thian
49%
Bang Sue
49%
Thon Buri
49%
Bangkok Yai
48%
Khlong Toei
47%
Min Buri
47%
Don Mueang
46%
Nong Chok
46%
Watthana
45%
Din Daeng
43%
Lat Krabang
43%
Phra Khanong
43%
Prawet
43%
Sai Mai
43%
Yan Nawa
43%
Lat Phrao
41%
Phra Nakhon
41%
Taling Chan
41%
Khlong Sam Wa
40%
Lak Si
40%
Ratchathewi
40%
Sathon
40%
Suan Luang
40%
Huai Khwang
39%
Thung Khru
38%
Bang Phlat
37%
Bueng Kum
37%
Khlong San
37%
Bang Kho Laem
36%
Phasi Charoen
36%
Thawi Watthana
36%
Wang Thonglang
36%
Chom Thong
35%
Pom Prap Sattru Phai
35%
Nong Khaem
34%
Rat Burana
34%
Saphan Sung
34%
Samphanthawong
33%
Khan Na Yao
32%
No matching quizzes found
Score Distribution
Percent of People with Each Score
Percentile by Number Answered
Your Score History
You have not taken this quiz